LOTR: Aragorn - Statistics

General Stats
  • This quiz has been taken 149 times
  • The average score is 11 of 23
Answer Stats
Answer % Correct
his father Arathorn
95%
During his life as a ranger he become known in the region of Bree and the Shire as ... Strider
88%
Where was Aragorn fostered as a child? Rivendell
82%
Whom did he marry on Midsummer's day of T.A. 3019? Arwen
78%
At 21 years of age, he was told of his heritage and was given 2 heirlooms of his House. the shards of {Narsil}
75%
In which inn did Aragorn meet Frodo? The Prancing Pony
73%
After the Council of Elrond, the shards he received as an heirloom were reforged. What was the name he gave his new blade? Andúril
68%
The actor who played Aragorn in Peter Jackson's trilogy Viggo Mortensen
67%
The 2 gifts Galadriel presented specifically to Aragorn when the Fellowship departed from Lothlorien the Elfstone
65%
Aragorn was crowned at the gates of Minas Tirith as King of the Reunited Kingdom of Gondor and Arnor. What was his royal name (translates to Elfstone in the Common Speech)? Elessar
64%
By which mode of transport did Aragorn arrive at the Battle of the Pelennor Fields? he arrived on corsair ships
61%
He also went to help the Kingdoms in the West in secret. Who was King of Rohan during this time? Thengel
43%
What does his blade's name mean in the Common Speech? Flame of the West
40%
and who was steward of Gondor? Ecthelion II
39%
the Ring of {Barahir}
39%
He was called a different name during his time (Sindarin for "Hope"). Estel
34%
His son who eventually succeeded him as King Eldarion
23%
his mother Gilraen
23%
What did the Gondorians call him during this time? Thorongil
20%
He founded a new royal House (which means "Strider" in Quenya) Telcontar
19%
Afterwards he left into the wilds to take up his father's title as leader of the Dúnedain. {Chieftain} of the Dúnedain
16%
One heirloom was withheld from him until he earned it. {Sceptre} of Annúminas
15%
A sheath for Andúril
10%
No matching quizzes found
Score Distribution
Percent of People with Each Score
Percentile by Number Answered
Your Score History
You have not taken this quiz